| 000 | 00807nam a22002777a 4500 | ||
|---|---|---|---|
| 001 | BR9500791 | ||
| 003 | BR-BrBNA | ||
| 005 | 20230928094601.0 | ||
| 007 | ta | ||
| 008 | 230509b bl.||||| |||| 00| 0 por d | ||
| 040 |
_aBR-BrBNA _bpor _cBiblioteca Nacional de Agricultura |
||
| 041 | _a(Por) | ||
| 072 |
_aQ02 _b0600 _b1800 |
||
| 090 | _ 0600 BR9500791 | ||
| 110 | 1 |
_aFundo de Desenvolvimento das Nacoes Unidas para as Mulheres, New York (USA) _95199 |
|
| 245 | 1 |
_aProcessamento de frutas e legumes _bManual no. 2 de tecnologia do ciclo alimentar |
|
| 260 | 3 |
_aNew York (USA): _c1989. |
|
| 300 | _a73 p. | ||
| 650 | _aFruta | ||
| 650 | _aLegume | ||
| 650 | _aProcessamento | ||
| 650 | _aEquipamento | ||
| 650 | _aPreservacao de Alimento | ||
| 909 |
_a202309 _bLucia _c55 _dLucia Elande |
||
| 942 | _cBK | ||
| 999 |
_c51486 _d51486 |
||